=LDR 00000nam 2200000 4500 =001 INLIS000000000018271 =005 20130612113442 =008 ***********************************Ind** =035 ##$$0010-061300000018271 =041 ##$$a Ind =082 ##$$a 631.8 =090 ##$$a 631.8, Sos i =100 ##$$a Sosrodiharjo, Suroto =245 ##$$a Ilmu pemupuk, Suroto Sosrodihatjo, Bactiar Rivai =260 ##$$a 1985 $b Jakarta =300 ##$$a 70 hlm, ilus, 21 cm =650 ##$$a Pemupukan =850 ##$$a NBPNMAT